[Event "Bytom op"]
[Site "Bytom"]
[Date "1995.??.??"]
[Round "?"]
[White "Dubiel, Jacek"]
[Black "Noga, Jozef"]
[Result "0-1"]
[WhiteElo "2360"]
[BlackElo "2125"]

1.e4 c5 2.Nf3 e6 3.d4 cxd4 4.Nxd4 a6 5.Nc3 Qc7 6.Be2 Nc6 7.O-O Nf6 8.Kh1 Be7
9.f4 d6 10.Be3 O-O 11.Qe1 d5 12.e5 Nxd4 13.Bxd4 Nd7 14.Rf3 b5 15.a3 Bb7 16.Qg3 Bc5
17.Rd1 Bxd4 18.Rxd4 f6 19.exf6 Rxf6 20.Bd3 Nc5 21.Qe1 Raf8 22.Qe3 Nxd3 23.cxd3 Rf5
24.Qxe6+ Kh8 25.h3 Qf7 26.Qxf7 R5xf7 27.a4 bxa4 28.Rxa4 g5 29.Ne2 d4 30.Rf2 gxf4
31.Rxd4 f3 32.Kh2 fxe2 33.Rxe2 Rf2 34.Rxf2 Rxf2 35.Rd8+ Kg7 36.Rd7+ Rf7 37.Rd6 Kf8
38.Kg1 Ke7 39.Rb6 Kd8 40.g4 Kc7 41.Rh6 Bc6 42.d4 a5 43.d5 Bxd5 44.Ra6 Rf3
45.Rxa5 Kd6 46.Ra6+ Ke5 47.Rh6 Be4 48.Kh2 Bg6 49.Kg2 Rb3 50.h4 Kf4 51.g5 Rxb2+
52.Kf1 Kg4 53.Kg1 Ra2 54.Kf1 Rh2 55.h5  0-1

[Event "Caceres"]
[Site "Caceres"]
[Date "1995.??.??"]
[Round "?"]
[White "Garcia Gomez, PJ."]
[Black "Llanes Hurtado, Miguel"]
[Result "1-0"]
[WhiteElo "2280"]
[BlackElo "2265"]

1.e4 c5 2.Nf3 e6 3.d4 cxd4 4.Nxd4 a6 5.Nc3 Qc7 6.Bd3 Nc6 7.Nxc6 bxc6 8.O-O Nf6
9.Qe2 d5 10.Bg5 Be7 11.e5 Ng8 12.Bxe7 Nxe7 13.Rae1 c5 14.b3 Qa5 15.Nd1 Qxa2
16.Qg4 O-O 17.Qh5 Nf5 18.Ne3 Qb2 19.Ng4 d4 20.Nf6+ gxf6 21.exf6 Kh8 22.Bxf5  1-0

[Event "Cannes op"]
[Site "Cannes"]
[Date "1995.??.??"]
[Round "1"]
[White "Sokolov, Andrei"]
[Black "Giffard, Nicolas"]
[Result "1-0"]
[WhiteElo "2575"]
[BlackElo "2390"]

1.e4 c5 2.Nf3 e6 3.d4 cxd4 4.Nxd4 a6 5.Nc3 b5 6.Bd3 Bb7 7.O-O d6 8.f4 b4
9.Na4 Nf6 10.Qe2 Be7 11.Bd2 Nc6 12.Nf3 O-O 13.Rae1 Nd7 14.e5 g6 15.b3 Nc5
16.Nxc5 dxc5 17.Be3 Nd4 18.Bxd4 Bxf3 19.Qxf3 Qxd4+ 20.Kh1 Ra7 21.g4 Kh8 22.f5 gxf5
23.gxf5 f6 24.Re4 Qd5 25.Bc4 Qa8 26.exf6 Rxf6 27.Rxe6 Qxf3+ 28.Rxf3 a5 29.Rfe3 Rxe6
30.fxe6 Kg7 31.Kg2 Bf6 32.Kf3 Kf8 33.Ke4 Rg7 34.Kd5 Rg5+ 35.Kd6 Be7+ 36.Kd7 Rf5
37.Bd3 Rd5+ 38.Kc6 Rd6+ 39.Kb5 Kg7 40.Bc4 Kf6 41.Rf3+  1-0

[Event "Cannes op"]
[Site "Cannes"]
[Date "1995.??.??"]
[Round "2"]
[White "Solozhenkin, Evgeniy"]
[Black "Sellos, Didier"]
[Result "1-0"]
[WhiteElo "2480"]
[BlackElo "2410"]

1.e4 c5 2.Nf3 e6 3.d4 cxd4 4.Nxd4 a6 5.Nc3 Nc6 6.Be2 Nxd4 7.Qxd4 Ne7 8.Bf4 Nc6
9.Qd3 b5 10.O-O Qf6 11.Qe3 Bc5 12.Qxc5 Qxf4 13.Rad1 Qe5 14.Qe3 g5 15.g3 Rg8
16.Rfe1 Rg6 17.Bh5 Rh6 18.Bg4 f6 19.Qd2 Qc5 20.e5 Nxe5 21.Ne4 Qd5 22.Nxf6+  1-0

[Event "Cannes Martinez op"]
[Site "Cannes"]
[Date "1995.??.??"]
[Round "5"]
[White "Chevallier, Cedric"]
[Black "Azariants, Evgeni"]
[Result "1/2-1/2"]
[WhiteElo "1690"]
[BlackElo "2240"]

1.e4 c5 2.Nf3 e6 3.d4 cxd4 4.Nxd4 a6 5.Nc3 Qc7 6.Be2 Nc6 7.O-O Nf6 8.Be3 Bb4
9.Nxc6 bxc6 10.Bd3 d5 11.exd5 cxd5 12.Nb1 O-O 13.c3 Bd6 14.h3 e5 15.Bg5 Be7
16.Be2 Rd8 17.Nd2 h6 18.Bh4 Bf5 19.Nf3 a5 20.Re1 Ne4 21.Bxe7 Qxe7 22.Bd3 Qf6
23.Bf1 g5 24.Nd2 Rab8 25.Nxe4 dxe4 26.Qe2 Bg6 27.g4 Qf4 28.Rad1 Kg7 29.Bg2 Rd3
30.b3 Rxc3 31.Bxe4 Rxh3 32.Bg2 Rh4 33.Qxe5+ Qxe5 34.Rxe5 Rxg4 35.f3 Rf4 36.Rxa5 Rc8
37.Rd2 Bh5 38.Rd3 Rc1+ 39.Kf2 Bg6 40.Rd2 Rc3 41.Re5 Rc6 42.Re3 Rcf6 43.Kg1 Bf5
44.a3 h5 45.b4 h4 46.Kh2 Bc8 47.Rd5 Rg6 48.Bh3  1/2-1/2

[Event "Cannes Martinez op"]
[Site "Cannes"]
[Date "1995.??.??"]
[Round "9"]
[White "Caruso, Augusto"]
[Black "Guyot, Philippe"]
[Result "0-1"]
[WhiteElo "2220"]
[BlackElo "2245"]

1.e4 c5 2.Nf3 e6 3.d4 cxd4 4.Nxd4 a6 5.Nc3 Qc7 6.g3 Nf6 7.Bg2 Be7 8.O-O d6
9.Nce2 O-O 10.b3 Nc6 11.c4 Bd7 12.Bb2 Rac8 13.Rc1 Qb8 14.Nxc6 Bxc6 15.Qd3 b6
16.Nd4 Bb7 17.Rfe1 Qa8 18.Qe2 Rfe8 19.f4 Nd7 20.h3 Bf8 21.Nf3 Nc5 22.e5 dxe5
23.Bxe5 b5 24.Nh4 Rcd8 25.Red1 Ne4 26.Kh2 bxc4 27.Rxc4 Rxd1 28.Qxd1 Rd8 29.Rd4 Rxd4
30.Qxd4 f6 31.Bc7 Bd5 32.Qb6 Bc5 33.Qb8+ Qxb8 34.Bxb8 Bf2 35.Bxe4 Bxe4 36.Bd6 Bd4
37.Ng2 Kf7 38.Bb4 Bb1 39.a3 Bc2 40.Bd2 Bxb3 41.Ne3 g6 42.Kg2 Ke7 43.Bb4+ Kd7
44.Kf3 Kc6 45.Ke2 Kb5 46.Ng4 f5 47.Ne5 Bc4+ 48.Kd2 Bf2 49.Nf7 Bf1 50.g4 Bxh3
51.g5 Kc4 52.Nd6+ Kd4 53.Ke2 Bh4 54.Nf7 Bg4+ 55.Kd2 Bg3 56.Nd8 Bxf4+ 57.Ke1 Kd5
58.Nf7 e5  0-1

[Event "Cappelle op"]
[Site "Cappelle la Grande"]
[Date "1995.??.??"]
[Round "4"]
[White "Minasian, Artashes"]
[Black "Pieniazek, Andrzej"]
[Result "1-0"]
[WhiteElo "2540"]
[BlackElo "2205"]

1.e4 c5 2.Nc3 e6 3.Nf3 a6 4.d4 cxd4 5.Nxd4 d6 6.f4 Nf6 7.Bd3 Nbd7 8.Qe2 Nc5
9.Nf3 b5 10.a3 Bb7 11.O-O Be7 12.Kh1 Nxd3 13.cxd3 O-O 14.Be3 Rc8 15.Bd4 Nd7
16.Qf2 Bf6 17.Bxf6 Qxf6 18.Qe3 Qd8 19.Rae1 Qb6 20.Qd2 Rfe8 21.Nh4 Qd4 22.Re3 Nc5
23.f5 Nd7 24.Rg3 Qf6 25.Rf4 Qh6 26.Nf3 Ne5 27.Ng5 Rc7 28.Nxh7 exf5 29.Rh3 Qxh3
30.gxh3 fxe4 31.Nf6+ gxf6 32.dxe4 f5 33.Rxf5 Rxc3 34.Rg5+ Ng6 35.bxc3 Rxe4
36.Kg1 d5 37.Qf2  1-0

[Event "Ceske Budejovice op"]
[Site "Ceske Budejovice"]
[Date "1995.??.??"]
[Round "5"]
[White "Prandstetter, Eduard"]
[Black "Suran, Jan"]
[Result "1-0"]
[WhiteElo "2380"]
[BlackElo "2215"]

1.e4 c5 2.Nf3 e6 3.d4 cxd4 4.Nxd4 a6 5.Nc3 Qc7 6.Bd3 Nf6 7.O-O Nc6 8.Nb3 Be7
9.f4 d6 10.Be3 b5 11.Qf3 Bb7 12.Qh3 Nb4 13.a3 Nxd3 14.cxd3 Rc8 15.Nd4 O-O
16.g4 Nd7 17.g5 Rfe8 18.f5 e5 19.g6 Nf8 20.gxf7+ Kxf7 21.Ne6 Nxe6 22.fxe6+ Kg8
23.Rac1 Rf8 24.Nd5 Qd8 25.Rxf8+ Qxf8 26.Rf1 Bf6 27.Rxf6 gxf6 28.Bh6  1-0

[Event "Copenhagen op17"]
[Site "Copenhagen"]
[Date "1995.??.??"]
[Round "2"]
[White "Rewitz, Poul"]
[Black "Mortensen, Erling"]
[Result "0-1"]
[WhiteElo "2325"]
[BlackElo "2500"]

1.e4 c5 2.Nf3 e6 3.Nc3 a6 4.d4 cxd4 5.Nxd4 d6 6.Be3 b5 7.Qd2 Bb7 8.f3 Nd7
9.O-O-O Ngf6 10.g4 Nb6 11.h4 b4 12.Nb1 d5 13.Nb3 Na4 14.g5 Nd7 15.Bd3 Ndc5
16.Qe2 Qc7 17.exd5 Bxd5 18.Bc4 Qe5 19.Bxd5 Qxb2+ 20.Kd2 O-O-O 21.Bxc5 Rxd5+
22.Bd4 Rxd4+ 23.Nxd4 Qxd4+ 24.Qd3 Qb6 25.Kc1 Nc5 26.Qc4 Bd6 27.Rxd6 Qxd6
28.Rd1 Qb6 29.Nd2 Qb5 30.Qxb5 axb5 31.Rg1 Rd8 32.Rg4 Na6 33.Ne4 Kc7 34.Nf2 Rd5
35.Nd3 Rf5 36.Nxb4 Nxb4 37.Rxb4 Rxf3 38.Rxb5 Rf4 39.h5 Rh4 40.g6 hxg6 41.hxg6 f6
42.Kb2 Rg4 43.Kb3 Rxg6 44.Kb4 Rg1 45.Rc5+ Kd6 46.a4 Rb1+ 47.Kc4 Ra1 48.Ra5 g5
49.Ra6+ Ke5 50.Ra8 g4 51.Kb5 g3 52.Rg8 Kf4 53.c4 e5 54.Rg6 f5 55.c5 e4 56.c6 Rb1+
57.Kc5 e3 58.c7 Rc1+ 59.Kb6 e2  0-1

[Event "Copenhagen op17"]
[Site "Copenhagen"]
[Date "1995.??.??"]
[Round "3"]
[White "Brinck Claussen, Bjorn"]
[Black "Emms, John M"]
[Result "0-1"]
[WhiteElo "2355"]
[BlackElo "2500"]

1.e4 c5 2.Nf3 e6 3.d4 cxd4 4.Nxd4 a6 5.Nc3 Qc7 6.g3 Bb4 7.Ne2 Be7 8.Bg2 d6
9.a4 Nf6 10.O-O O-O 11.h3 Nc6 12.g4 Rb8 13.g5 Nd7 14.f4 Re8 15.f5 Bf8 16.b3 b5
17.axb5 axb5 18.Bb2 b4 19.Nb1 Nce5 20.Nd4 Nc5 21.Nd2 Bb7 22.fxe6 Nxe6 23.Nxe6 Rxe6
24.h4 Rd8 25.Nf3 Nxf3+ 26.Bxf3 Bxe4 27.Qd4 d5  0-1

[Event "Copenhagen3"]
[Site "Copenhagen"]
[Date "1995.??.??"]
[Round "6"]
[White "Lilja, Richard"]
[Black "Nielsen, Uffe V"]
[Result "0-1"]
[WhiteElo "2165"]
[BlackElo "2375"]

1.e4 c5 2.Nf3 e6 3.Nc3 a6 4.d4 cxd4 5.Nxd4 Qc7 6.Be2 Nf6 7.O-O Nc6 8.Be3 Be7
9.f4 d6 10.a4 O-O 11.Kh1 Re8 12.Qe1 Bd7 13.Rd1 Rac8 14.Qg3 Kh8 15.Bd3 Nb4
16.e5 Nfd5 17.Nxd5 Nxd5 18.Qh3 g6 19.Bg1 Nb4 20.f5 exf5 21.Bxf5 gxf5 22.exd6 Bxd6
23.Nxf5 Be5 24.Qh4 Bxf5 25.Rxf5 Nc6 26.Rh5 f6 27.Bb6 Qg7 28.Qh3 Bd4 29.Bxd4 Nxd4
30.c3 Ne6 31.Qh4 Ng5 32.Qg4 Red8 33.Rxd8+ Rxd8 34.h4 Nf7 35.Qe4 Ne5  0-1

[Event "ESP-chT"]
[Site "Cordoba"]
[Date "1995.??.??"]
[Round "6"]
[White "Sapi, Janos"]
[Black "Rodriguez Vargas, Orestes"]
[Result "1/2-1/2"]
[WhiteElo "2230"]
[BlackElo "2440"]

1.e4 c5 2.Nf3 e6 3.d4 cxd4 4.Nxd4 a6 5.Nc3 Qc7 6.f4 b5 7.Bd3 Bb7 8.Qe2 b4
9.Na4 Nf6 10.O-O Be7 11.Kh1 Nc6 12.Nf3 d5 13.e5 Ne4 14.Be3 O-O 15.Rac1 f5
16.exf6 Bxf6 17.c4 bxc3 18.Nxc3 Nxc3 19.bxc3 Qd6 20.Qc2 h6 21.Qf2 Ne7 22.Qg3  1/2-1/2

[Event "ESP-chT"]
[Site "Cordoba"]
[Date "1995.??.??"]
[Round "9"]
[White "Del Rio Angelis, Gabriel"]
[Black "Cacho Reigadas, Sergio"]
[Result "0-1"]
[WhiteElo "2365"]
[BlackElo "2400"]

1.e4 e6 2.d4 c5 3.Nf3 cxd4 4.Nxd4 a6 5.Nc3 Qc7 6.Be2 b5 7.O-O Bb7 8.Re1 Nc6
9.Nxc6 dxc6 10.e5 Rd8 11.Bd3 c5 12.Bg5 Be7 13.Qh5 g6 14.Qh4 Rd4 15.Qg3 h5
16.Bxe7 Nxe7 17.Ne4 Bxe4 18.Bxe4 O-O 19.Qg5 Rfd8 20.h3 R8d7 21.Bf3 Rd2 22.Rac1 Qa5
23.Bxh5 Rxc2 24.Rxc2 Qxe1+ 25.Kh2 c4 26.Bg4 Nf5 27.Re2 Qf1 28.Rc2 Nd4 29.Rc3 Qxf2
30.b3 Ne2 31.Bxe2 Qxe2 32.bxc4 bxc4 33.Qf4 Rd2 34.Qg5 Rd5 35.Qf4 Qxe5 36.Qxe5 Rxe5
37.Rxc4 Kg7 38.Kg3 Re3+ 39.Kf2 Ra3 40.Rc2 f5  0-1

[Event "Crailsheim op 1st"]
[Site "Crailsheim"]
[Date "1995.??.??"]
[Round "?"]
[White "Schneider, L."]
[Black "Adamski, Jan"]
[Result "0-1"]
[WhiteElo "1775"]
[BlackElo "2450"]

1.e4 c5 2.Nf3 e6 3.d4 cxd4 4.Nxd4 a6 5.Nc3 b5 6.a3 d6 7.Bd3 Bb7 8.O-O Nf6
9.Bg5 Nbd7 10.f3 Be7 11.Kh1 O-O 12.Qe1 Rc8 13.Rd1 Ne5 14.f4 Nxd3 15.Rxd3 Nd7
16.Qh4 Re8 17.Rh3 Nf8 18.Rd1 Bxg5 19.fxg5 Rc5 20.Nf3 Qe7 21.Qf4 Rd8 22.Rg3 a5
23.Ne1 b4 24.Ne2 bxa3 25.bxa3 Rc4 26.Qd2 Rxe4 27.Nc3 Re5 28.Nd3 Rf5 29.Ne4 Bxe4
30.Nf2 Ba8 31.Ng4 Ng6 32.Rd3 Qxg5 33.Rxd6 Rxd6 34.Qxd6 Qxg4  0-1

[Event "CUB-ch"]
[Site "CUB"]
[Date "1995.??.??"]
[Round "5"]
[White "Perez, Rodney"]
[Black "Garcia, Osmel"]
[Result "1-0"]
[WhiteElo "2305"]
[BlackElo "2345"]

1.e4 c5 2.Nf3 e6 3.d4 cxd4 4.Nxd4 a6 5.Nc3 Qc7 6.Be2 Nf6 7.O-O Bc5 8.Be3 d6
9.Na4 Ba7 10.c4 Nxe4 11.Nxe6 Bxe6 12.Bxa7 Rxa7 13.Qd4 Nc5 14.Qxg7 Rf8 15.Nc3 Qe7
16.Rfe1 f5 17.Bh5+ Kd8 18.Qh6 Qf6 19.Qf4 Bg8 20.Rad1 Kc7 21.b4 Ncd7 22.c5 Qxc3
23.Qxd6+ Kc8 24.Be8 Bd5 25.Qxd5 Qg7 26.Qd6 Rg8 27.g3 b6 28.cxb6 Rb7 29.Rc1+ Kd8
30.Bxd7 Qxd7 31.Qf6+ Qe7 32.Rxe7 Rxe7 33.Rc7 Nd7 34.Qxf5 Re1+ 35.Kg2 Rd1
36.Qxh7 Re8 37.Ra7  1-0

[Event "CZE-chT 9495"]
[Site "?"]
[Date "1995.??.??"]
[Round "6"]
[White "Michalek, Jan"]
[Black "Berezjuk, Sergej"]
[Result "1/2-1/2"]
[WhiteElo "2300"]
[BlackElo "2395"]

1.e4 c5 2.Nf3 e6 3.d4 cxd4 4.Nxd4 a6 5.Nc3 b5 6.Bd3 Qb6 7.Nb3 Qc7 8.O-O Nf6
9.Qe2 Nc6 10.Bg5 Be7 11.a4 b4 12.Nd1 O-O 13.f4 d6 14.Ne3 Re8 15.a5 Nd7 16.Bxe7 Rxe7
17.Qh5 Nf6 18.Qh4 Qa7 19.Rae1 Re8 20.Kh1 Qe7 21.Qf2 Qa7 22.Nc4 Qxf2 23.Rxf2 Rd8
24.Nb6 Ra7 25.h3 Nd7 26.Nc4 Nc5 27.Nxc5 dxc5 28.e5 Rd4 29.Nd6 Bd7 30.Ra1 Ne7
31.b3  1/2-1/2

[Event "CZE-chT 9495"]
[Site "?"]
[Date "1995.??.??"]
[Round "7"]
[White "Prandstetter, Eduard"]
[Black "Langner, Ladislav"]
[Result "0-1"]
[WhiteElo "2370"]
[BlackElo "2345"]

1.e4 c5 2.Nf3 e6 3.d4 cxd4 4.Nxd4 a6 5.Nc3 b5 6.Bd3 Qc7 7.O-O Nf6 8.Be3 Bb7
9.a3 d6 10.f4 Nbd7 11.Qe2 Nc5 12.Bf2 g6 13.Rad1 Be7 14.h3 O-O 15.Kh2 Nh5
16.g3 e5 17.fxe5 dxe5 18.Nf5 Ng7 19.Nd5 Bxd5 20.Nxe7+ Qxe7 21.exd5 Rac8 22.d6 Qe6
23.Rfe1 Rfd8 24.Qxe5 Nxd3 25.Rxd3 Rxc2 26.Kg1 Qxh3 27.Qf6 Re8 28.Rxe8+ Nxe8
29.Qg5 Nf6 30.Qf4 Ng4 31.Qxg4 Qxg4 32.d7 Rc1+  0-1

[Event "CZE-chT1a"]
[Site "?"]
[Date "1995.??.??"]
[Round "?"]
[White "Zvara, Petr"]
[Black "Efler, Lukas"]
[Result "1/2-1/2"]
[WhiteElo "2335"]
[BlackElo "2240"]

1.e4 c5 2.Nf3 e6 3.d4 cxd4 4.Nxd4 a6 5.Nc3 Qc7 6.Be2 Nf6 7.O-O Be7 8.Kh1 O-O
9.f4 d6 10.Qd3 Nc6 11.Nxc6 Qxc6 12.e5 Ne8 13.Qg3 f5 14.exf6 Bxf6 15.Bf3 d5
16.Rd1 Qc7 17.Be3 Bd7 18.Bg4 Bxc3 19.bxc3 Nf6 20.Bf3 Qxc3 21.Qf2 Rac8 22.Rac1 Qc4
23.c3 Ne4 24.Qh4 Rf7 25.Bd4 Rcf8 26.Bxe4 dxe4 27.Qg3 Ba4 28.Re1 Bc6 29.a3 b5
30.Rcd1 Bd5 31.Be5 Qc5 32.Re3 Re8 33.Rde1 Bb7 34.Qh4 Qe7 35.Qg4 Rd8 36.Bd4 Rdf8
37.Be5 Rd8 38.Bd4 Rdf8 39.Rg3 e5 40.fxe5 Rf1+ 41.Rxf1 Rxf1+ 42.Bg1 Qxe5 43.Qe2 Qf4
44.Re3 h6 45.g3 Qf5 46.Kg2 Rf3 47.Qd1 Bd5 48.Rxf3 exf3+ 49.Kf2 Kh8 50.Qd4 Qc2+
51.Ke3 Qc1+ 52.Kf2 Qc2+ 53.Ke3 Qe2+ 54.Kf4 Qe6 55.Qe5 Qf7+ 56.Qf5 Qe7 57.Qe5 Qf7+  1/2-1/2

[Event "CZE-chT2"]
[Site "?"]
[Date "1995.??.??"]
[Round "?"]
[White "Kotek, Daniel"]
[Black "Cerny, Martin"]
[Result "1-0"]
[WhiteElo "2360"]
[BlackElo "2330"]

1.e4 c5 2.Nf3 e6 3.d4 cxd4 4.Nxd4 a6 5.Nc3 Qc7 6.Be2 b5 7.O-O Bb7 8.Re1 Nc6
9.Nxc6 Qxc6 10.Bf3 Qc7 11.Nd5 Bxd5 12.exd5 Rd8 13.Qe2 Bd6 14.g3 e5 15.a4 Rb8
16.axb5 axb5 17.Be3 Ne7 18.Ra7 Qc8 19.Rea1 O-O 20.R7a6 Qc7 21.Ra7 Qc8 22.R1a6 Nf5
23.Be4 Nxe3 24.Rxd6 Nc4 25.Rdxd7 Nxb2 26.Qh5 g6 27.Bxg6  1-0

[Event "CZE-chT2"]
[Site "?"]
[Date "1995.??.??"]
[Round "?"]
[White "Hosek, Milan"]
[Black "Cerny, Martin"]
[Result "1/2-1/2"]
[WhiteElo "2280"]
[BlackElo "2330"]

1.e4 c5 2.Nf3 e6 3.d4 cxd4 4.Nxd4 a6 5.Nc3 Qc7 6.g3 Nc6 7.Bg2 Nxd4 8.Qxd4 Ne7
9.Bf4 Qa5 10.Bd6 Nc6 11.Qd2 Bxd6 12.Qxd6 Qb6 13.Na4 Qa5+ 14.Nc3 Qb6 15.Qa3 Ne5
16.O-O d6 17.Rad1 Ke7 18.Na4 Qc7 19.b3 f6 20.f4 Ng4 21.e5 fxe5 22.h3 Ne3
23.fxe5 Ke8 24.Qxd6 Qxd6 25.exd6 Nxf1 26.Nb6 Ne3 27.Rd3 Nxg2 28.Kxg2 Rb8
29.Nxc8 b5 30.c4 bxc4 31.bxc4 Kd7 32.Ne7 Rb2+ 33.Kf3 Rc2 34.Rd4 e5 35.Rg4 Rc3+
36.Ke2 Kxd6 37.Rxg7 Rxc4 38.Nf5+ Kc6 39.g4 Rb8 40.Rxh7 Ra4 41.g5 Rxa2+ 42.Kd3 Rb4
43.g6 Ra3+ 44.Kc2 Rf4 45.g7 Rf2+ 46.Kb1 Rb3+ 47.Kc1  1/2-1/2

[Event "CZE-chT2"]
[Site "?"]
[Date "1995.??.??"]
[Round "?"]
[White "Svatos, Jan"]
[Black "Hadraba, Vladimir"]
[Result "1/2-1/2"]
[WhiteElo "2290"]
[BlackElo "2275"]

1.e4 c5 2.Nf3 e6 3.Nc3 a6 4.d4 cxd4 5.Nxd4 Nc6 6.Nxc6 bxc6 7.Bd3 d5 8.O-O Nf6
9.Re1 Rb8 10.e5 Nd7 11.Qg4 g6 12.a3 Bg7 13.Qg3 O-O 14.h4 c5 15.h5 c4 16.Bf1 Qc7
17.Bf4 Rxb2 18.h6 Bh8 19.Nxd5 exd5 20.e6 Qc6 21.exd7 Bxd7 22.Bd6 Rb6 23.Bxf8 Bxa1
24.Rxa1 Kxf8 25.Rd1 f6 26.Qf3 Kf7 27.Qxd5+ Qxd5 28.Rxd5 Be6 29.Rc5 g5 30.Bxc4 Bxc4
31.Rxc4 Kg6 32.g4 Kxh6 33.Kg2 Kg6 34.Rc5 h5 35.gxh5+ Kxh5 36.Kg3 Re6 37.f3 Kg6
38.Kf2 f5 39.Ra5 Rc6 40.c4 Rxc4 41.Rxa6+ Kh5 42.Re6 Ra4 43.Re3 f4 44.Rb3 Rc4  1/2-1/2

[Event "DEN-chT9596"]
[Site "DEN"]
[Date "1995.??.??"]
[Round "3"]
[White "Hansen, Mads Smith"]
[Black "Nielsen, Peter Heine"]
[Result "1-0"]
[WhiteElo "2370"]
[BlackElo "2500"]

1.Nf3 c5 2.e4 e6 3.Nc3 a6 4.d4 cxd4 5.Nxd4 d6 6.Bd3 Nf6 7.O-O Nbd7 8.Kh1 Qb6
9.Nde2 Qc7 10.Qe1 b5 11.b4 Bb7 12.f4 g6 13.Bb2 Bg7 14.a4 bxa4 15.Nxa4 O-O
16.Nd4 Rfe8 17.Nb3 e5 18.f5 d5 19.Nac5 Nxc5 20.Nxc5 Nxe4 21.Nxe4 dxe4 22.Bxe4 Rac8
23.c3 Red8 24.Ra5 Bxe4 25.Qxe4 gxf5 26.Qxf5 Qc4 27.Bc1 Rd6 28.Rc5 Rxc5 29.bxc5 Rc6
30.Rd1 Qe6 31.Qxe6 Rxe6 32.Rd8+ Bf8 33.Rc8 Kg7 34.Be3 Be7 35.g3 h5 36.Kg2 Kg6
37.c6 Bf6 38.c7 Rc6 39.Rg8+ Kh7 40.c8=Q  1-0

[Event "Statoil Cup"]
[Site "DEN"]
[Date "1995.??.??"]
[Round "7"]
[White "Bjerring, Kai"]
[Black "Izsak, Gyula"]
[Result "1/2-1/2"]
[WhiteElo "2380"]
[BlackElo "2445"]

1.e4 c5 2.Nf3 e6 3.d4 cxd4 4.Nxd4 a6 5.Nc3 Qc7 6.g3 Bb4 7.Ne2 Nf6 8.Bg2 Be7
9.O-O O-O 10.Nd4 Nc6 11.Nxc6 bxc6 12.g4 d5 13.g5 Nxe4 14.Nxe4 dxe4 15.Bxe4 Bb7
16.Be3 c5 17.Qf3 Rab8 18.Bxb7 Rxb7 19.b3 c4 20.Bf4 Qc8 21.Rad1 Rb5 22.h4 f6
23.gxf6 Rxf6 24.Qe4 cxb3 25.cxb3 Rb4 26.Rd4 Rg6+ 27.Kh2 Rxd4 28.Qxd4 Rg4
29.Qe5 Rxh4+ 30.Kg3 Bf6 31.Rc1 Qe8 32.Qb8 Qxb8 33.Bxb8 Rb4 34.Bc7 Rb7 35.f4 Kf7
36.Rc6 Ra7 37.Bb6 Ra8 38.b4 h5 39.a4 h4+ 40.Kg4 Rh8 41.Kh3 Ra8 42.Kg4 Rh8
43.Kh3 Ra8  1/2-1/2

[Event "Dhaka"]
[Site "Dhaka"]
[Date "1995.??.??"]
[Round "7"]
[White "Rahman, Zillur"]
[Black "Gunawan, Ruben"]
[Result "0-1"]
[WhiteElo "2320"]
[BlackElo "2430"]

1.e4 c5 2.Nf3 e6 3.d4 cxd4 4.Nxd4 a6 5.Nc3 Qc7 6.Be2 b5 7.Bf3 Bb7 8.O-O Nc6
9.Nxc6 dxc6 10.Bg5 Bd6 11.g3 Ne7 12.Bg2 O-O 13.Qh5 Ng6 14.f4 f6 15.Bh4 e5
16.Bh3 Rfe8 17.f5 Nxh4 18.Qxh4 Rad8 19.Rad1 Bc5+ 20.Kh1 Bd4 21.g4 Bxc3 22.bxc3 Rxd1
23.Rxd1 Rd8 24.Qe1 c5 25.Bg2 Kf8 26.Bf3 Ke7 27.Kg2 Rxd1 28.Qxd1 Qa5 29.Qd2 Qxa2
30.g5 Qc4 31.gxf6+ gxf6 32.Qh6 Qf7 33.Kf2 Kd6 34.Qd2+ Kc7 35.c4 b4 36.Qh6 Qe7
37.Ke1 Bc6 38.Kd1 Be8 39.Kc1 Qf7 40.Be2 a5 41.Kb2 a4 42.c3 Qd7 43.Qe3 Kb7
44.Kc1 bxc3 45.Qxc3 Qd4 46.Qg3 Bc6 47.Qg7+ Kb6 48.Qxf6 a3 49.Qf8 a2 50.Qb8+ Bb7  0-1

[Event "Dresden op"]
[Site "Dresden"]
[Date "1995.??.??"]
[Round "?"]
[White "Heinatz, Thomas"]
[Black "Bischoff, Klaus"]
[Result "1/2-1/2"]
[WhiteElo "2345"]
[BlackElo "2550"]

1.e4 c5 2.Nf3 e6 3.d4 cxd4 4.Nxd4 a6 5.Nc3 Qc7 6.Be2 Nf6 7.O-O d6 8.a4 Nc6
9.Be3 Be7 10.f4 O-O 11.Qe1 Nd7 12.Bf3 Re8 13.Qf2 Bf8 14.Rad1 Rb8 15.Nde2 b5
16.axb5 axb5 17.Rd2 b4 18.Nd1 Ba6 19.b3 e5 20.Nb2 exf4 21.Bxf4 Nce5 22.Nd3 Nxd3
23.cxd3 Nc5 24.Nc1 g6 25.Re1 Bg7 26.d4 Ne6 27.Be3 Rbc8 28.h3 h5 29.Na2 Qa5
30.Rdd1 Ng5 31.Bxg5 Qxg5 32.Nxb4 Bb7 33.Nd3 Rc3 34.e5 Bxf3 35.Qxf3 dxe5 36.dxe5 Rxb3
37.Qd5 Rc3 38.Rf1 Qe7 39.Kh1 Rd8 40.Qe4 Rc7 41.Rde1  1/2-1/2

[Event "Dresden op"]
[Site "Dresden"]
[Date "1995.??.??"]
[Round "?"]
[White "Proehl, Holger"]
[Black "Bischoff, Klaus"]
[Result "0-1"]
[WhiteElo "2365"]
[BlackElo "2550"]

1.e4 c5 2.Nf3 e6 3.d4 cxd4 4.Nxd4 a6 5.Nc3 Qc7 6.Be2 Nf6 7.O-O d6 8.f4 Be7
9.Kh1 O-O 10.Bf3 Nc6 11.Nb3 Nd7 12.Be3 Re8 13.Qe2 b5 14.Qf2 Rb8 15.e5 dxe5
16.Bxc6 Qxc6 17.fxe5 Rf8 18.Qg3 Kh8 19.a3 Qc7 20.Bf4 Bb7 21.Rae1 Rbd8 22.Nd2 Nb6
23.Nde4 Nd5 24.Bg5 Nxc3 25.Nxc3 Bxg5 26.Qxg5 Kg8 27.Rd1 h6 28.Qg3 Qc4 29.Qf2 Rxd1
30.Rxd1 f6 31.Rf1 Rd8 32.Kg1 f5 33.Qb6 Rd7 34.Qe3 Rd4 35.Rf2 f4 36.Qe2 Qc5
37.h3 Rd8 38.Kh2 Rf8 39.Rf1 Rf5 40.Re1 f3 41.gxf3 Rxf3 42.Nd1 Qd4  0-1

[Event "Dresden U20"]
[Site "Dresden"]
[Date "1995.??.??"]
[Round "?"]
[White "Dworakowski, Lukasz"]
[Black "Nocke, Thomas"]
[Result "1-0"]
[WhiteElo "2375"]
[BlackElo "2225"]

1.e4 c5 2.Nf3 e6 3.d4 cxd4 4.Nxd4 a6 5.Nc3 Nc6 6.f4 Qc7 7.Nxc6 bxc6 8.e5 d6
9.exd6 Bxd6 10.Ne4 Bxf4 11.Bxf4 Qxf4 12.Qd4 e5 13.Nd6+ Kf8 14.Qxf4 exf4 15.Nxc8 Rxc8
16.Bxa6 Rb8 17.O-O-O h5 18.Rhf1 g5 19.h4 f6 20.Rd6 Ke7 21.Rfd1 Rb4 22.Rxc6 f3
23.gxf3 Rxh4 24.Bc4 Rxc4 25.Rxc4 Nh6 26.b4 g4 27.Rh1 g3 28.Re4+ Kd6 29.Rxh5 g2
30.Re1 Rg8 31.Rxh6  1-0

[Event "Dresden op"]
[Site "Dresden"]
[Date "1995.??.??"]
[Round "?"]
[White "Schaefer, Anke"]
[Black "Chuchelov, Vladimir"]
[Result "0-1"]
[WhiteElo "2155"]
[BlackElo "2550"]

1.e4 c5 2.Nf3 e6 3.d4 cxd4 4.Nxd4 a6 5.Nc3 Qc7 6.g3 Nf6 7.Bg2 Be7 8.O-O O-O
9.a4 Nc6 10.Nb3 b6 11.f4 d6 12.Be3 Rb8 13.Qe2 Re8 14.g4 Nd7 15.g5 Bf8 16.Qf2 b5
17.axb5 axb5 18.h4 b4 19.Ne2 g6 20.Ng3 Nb6 21.h5 Nc4 22.Bc1 Qb6 23.Qxb6 Rxb6
24.f5 Ra6 25.Rxa6 Bxa6 26.Rd1 Bc8 27.hxg6 fxg6 28.f6 N6e5 29.Nd4 Ng4 30.Nf1 h6
31.gxh6 Nxf6 32.b3 Ne5 33.Nb5 Nf7 34.Bf4 e5 35.Bd2 Bd7 36.Nc7 Rc8 37.Na6 Rxc2
38.Nxb4 Rb2 39.Bc1 Rxb3 40.Nd5 Nxd5 41.Rxd5 Kh7 42.Ra5 Rb7 43.Ra8 Bxh6 44.Bxh6 Kxh6
45.Ne3 Kg5  0-1

[Event "RUS-ch"]
[Site "Elista"]
[Date "1995.??.??"]
[Round "3"]
[White "Kalegin, Evgenij"]
[Black "Razuvaev, Yuri S"]
[Result "1/2-1/2"]
[WhiteElo "2475"]
[BlackElo "2585"]

1.e4 c5 2.Nf3 e6 3.Nc3 a6 4.d4 cxd4 5.Nxd4 Qc7 6.g3 Nf6 7.Bg2 Bb4 8.O-O O-O
9.Nde2 Be7 10.b3 Nc6 11.Bb2 d6 12.h3 b5 13.a3 Rb8 14.Qd2 Rd8 15.Nf4 Bd7 16.Nd1 Ne5
17.Nd3 Bc6 18.Qe2 Ned7 19.Re1 a5 20.Rc1 Qb7 21.f3 b4 22.a4 Qa7+ 23.Ne3 Bb7
24.Qf2 Ba6 25.Bf1 Ne8  1/2-1/2

[Event "Catalunya-chT"]
[Site "ESP"]
[Date "1995.??.??"]
[Round "?"]
[White "Martin Gonzalez, Angel"]
[Black "Fernandez Cazorla, Antonio"]
[Result "1-0"]
[WhiteElo "2440"]
[BlackElo "2340"]

1.e4 c5 2.Nf3 e6 3.Nc3 a6 4.d4 cxd4 5.Nxd4 Qc7 6.Bd3 Nc6 7.Be3 Nf6 8.O-O Ne5
9.h3 Bc5 10.Qe2 d6 11.f4 Ned7 12.a4 b6 13.Nd1 Bb7 14.Nf2 O-O 15.c3 e5 16.fxe5 dxe5
17.Nf5 g6 18.Nh6+ Kg7 19.Kh2 Bxe3 20.Qxe3 Ng8 21.Nxg8 Kxg8 22.Bc2 Rad8 23.Ng4 f6
24.Rad1 Bc6 25.Rd2 Kh8 26.Kh1 b5 27.axb5 axb5 28.Rfd1 Nb6 29.Qc5 Kg7 30.Rxd8 Rxd8
31.Rxd8 Qxd8 32.Qxc6 h5 33.Qb7+  1-0

[Event "Catalunya-chT"]
[Site "ESP"]
[Date "1995.??.??"]
[Round "?"]
[White "Torrecillas Martinez, Antonio"]
[Black "Gros Fernandez, Jordi"]
[Result "1-0"]
[WhiteElo "2340"]
[BlackElo "2360"]

1.e4 c5 2.Nc3 a6 3.Nge2 e6 4.d4 cxd4 5.Nxd4 d6 6.Be3 Nf6 7.Qd2 b5 8.f3 Bb7
9.g4 h6 10.O-O-O Nbd7 11.h4 d5 12.Bh3 b4 13.Nce2 dxe4 14.g5 exf3 15.Nf4 Ne4
16.Qe1 f2 17.Bxf2 Bd6 18.Nfxe6 fxe6 19.Nxe6 Qe7 20.Bf5  1-0

[Event "FIN-ch"]
[Site "FIN"]
[Date "1995.??.??"]
[Round "?"]
[White "Maidla, Vallo"]
[Black "Kiik, Kalle"]
[Result "1/2-1/2"]
[WhiteElo "2350"]
[BlackElo "2410"]

1.e4 c5 2.Nf3 e6 3.Nc3 a6 4.d4 cxd4 5.Nxd4 Qb6 6.Be2 Nc6 7.Nxc6 bxc6 8.O-O d6
9.Kh1 Nf6 10.f4 Qc7 11.Qe1 d5 12.e5 Nd7 13.Qg3 g6 14.b3 Bb7 15.Bb2 Bg7 16.Na4 O-O
17.c4 f6 18.cxd5 fxe5 19.dxe6 exf4 20.Qh4 Bxb2 21.Nxb2 Nb6 22.Nd3 Nd5 23.Nc5 Rae8
24.Nd7 Rxe6 25.Nxf8 Rxe2 26.Rae1 Rxe1 27.Rxe1 Kxf8 28.Qh6+ Kf7 29.Qxh7+ Kf6
30.Qh8+ Kf7 31.Qh7+ Kf6 32.Qh8+ Kf7  1/2-1/2

[Event "Finkenstein op"]
[Site "Finkenstein"]
[Date "1995.??.??"]
[Round "2"]
[White "Schein, Karl Heinz"]
[Black "Grom, Waldemar"]
[Result "1-0"]
[WhiteElo "2185"]
[BlackElo "1920"]

1.e4 c5 2.Nf3 e6 3.d4 cxd4 4.Nxd4 a6 5.Nc3 Qc7 6.Bd3 Nf6 7.O-O Be7 8.Kh1 d6
9.f4 Nbd7 10.Nf3 b5 11.Qe2 Bb7 12.e5 Nd5 13.Bd2 O-O 14.Rae1 Nxc3 15.Bxc3 Bxf3
16.Rxf3 d5 17.f5 exf5 18.Bxf5 g6 19.Bxd7 Qxd7 20.e6 fxe6 21.Qe5  1-0